00500nam a2200145Ia 450000500170000000800410001702000150005808200130007310000170008624500220010325000160012526000450014130000120018650001560019820241203015129.0240331s9999 xx 000 0 und d a9552107687 a891bPUN aWijenaike, P 0aTo follow the sun a2nd Edition aColombobM.D. Gunasena & Co . Ltd.c2000 a79 P ., aThe title Story ' To follow the sun ....... ' Gives the collection a symbolic meaning, with reference to the important role the Sun plays in our lives.